| 000 | 00536nam a2200217Ia 4500 | ||
|---|---|---|---|
| 001 | 18460 | ||
| 003 | GE_BSU | ||
| 008 | 181216s||||||||xx |||||||||||||| ||und|| | ||
| 020 | _a9780743201147 | ||
| 040 | _cGE_BSU | ||
| 100 | _aBuckingham,M., Clifton, D.O. | ||
| 245 | _aNow discover Your Strengths | ||
| 260 | _aNew York | ||
| 260 | _bFree Press | ||
| 260 | _c2001 | ||
| 300 | _a260p. 24 cm. | ||
| 653 | _aNow discover Your Strengths | ||
| 653 | _aმართვა | ||
| 653 | _aმენეჯმენტი | ||
| 942 | _cBK | ||
| 999 |
_c51474 _d51474 |
||